000 00317nam a2200133Ia 4500
008 100328s9999 xx 000 0 und d
082 _b54868
100 _aGill S.S.
245 _aRaising Fruit Nursery
260 _bKalyani
630 _aRaising Fruit Nursery
730 _aRaising Fruit Nursery
942 _cBOOK
999 _c541579
_d541576